Trượt vào bóng tối /

保存先:
書誌詳細
第一著者: Lê Na.
フォーマット: 論文
言語:Vietnamese
主題:
タグ: タグ追加
タグなし, このレコードへの初めてのタグを付けませんか!
Thư viện lưu trữ: Thư viện Trường Đại học Đà Lạt
LEADER 00730nam a2200277 4500
001 DLU100110557
005 ##20100810
040 # # |a DLU  |b vie 
041 # # |a vie 
044 # # |a vn 
100 # # |a Lê Na. 
245 # # |a Trượt vào bóng tối /  |c Lê Na. 
653 # # |a Buôn lậu 
653 # # |a Nghiện ma túy 
653 # # |a Nhiễm bệnh 
653 # # |a Tệ nạn xã hội 
773 # # |t AIDS và cộng đồng  |g Số10(117), 2008, tr. 9 
920 # # |a Phòng Tạp chí -- Trung tâm Thông tin - Thư viện Trường Đại học Đà Lạt 
994 # # |a DLU 
900 # # |a True 
911 # # |a Nguyễn Thị Linh Chi 
925 # # |a G 
926 # # |a A 
927 # # |a BB 
980 # # |a Thư viện Trường Đại học Đà Lạt